000 01155npm a2200229 i 4500
001 5139
003 ES-MaACL
005 20230908142332.0
007 hzrazu bucu
008 900417r19901933xxu a 00010 eng d
080 _a61(05)(748 Philadelphia)
080 _a05(73)
245 0 4 _aThe American Journal of the medical sciences
_b: [Microforma].
260 _aMadrid :
_bAteneo Cientifico, Literario y Artistico,
_c1990.
300 _a10 carretes de microfilme :
_bnegativo ;
_c16 mm.
500 _aPublicado originalmente: Philadelphia, Carey etc., 1933-1960, periodicidad mensual.
505 8 _aCarrete n. 1: 1933, 1934, 1947 (oct.) -- Carrete n. 2: 1947 (nov.) a 1949 (mayo) -- Carrete n. 3: 1949 (jun.) a 1950 -- Carrete n. 4: 1951 a 1952 (1er. sem.) -- Carrete n. 5: 1952 (2o sem.) a 1953 -- Carrete n. 6: 1954 a 1955 (1er. sem.) -- Carrete n. 7: 1955 (2o sem.) a 1956 -- Carrete n. 8: 1957 a 1958 (1er. sem.) -- Carrete n. 9: 1958 (2o sem.) a 1959 (oct.) -- Carrete n. 10: 1959 (nov.) a 1960
852 _aES-MaACL
_jMC-26-35
_95256
_cDEPO1
942 _2udc
_cMICROFORMA
999 _c5139
_d5139